000
00295nam a2200121Ia 4500
008
190216s9999||||xx |||||||||||||| ||und||
100
_a
Figgis D N
245
0
_a
Introduction To Ligand Fields
260
_b
Wiley Eastern Ltd
_c
1966
300
_a
351p
650
_a
Chemistry-Chemistry
942
_c
BK
999
_c
2406
_d
2406